[Event "Ruhrgebiet Regionalliga 0405"]
[Site "Ruhrgebiet"]
[Date "2005.04.17"]
[Round "9.7"]
[White "Kruse, Peter"]
[Black "Blum, Rainer"]
[Result "1-0"]
[WhiteElo "2040"]
[BlackElo "1936"]
[PlyCount "115"]
[EventDate "2004.09.19"]
[EventType "team"]
[EventRounds "9"]
[EventCountry "GER"]
[SourceTitle "EXT 2006"]
[Source "ChessBase"]
[SourceDate "2005.11.24"]
[SourceVersion "1"]
[SourceVersionDate "2005.11.24"]
[SourceQuality "1"]
[WhiteTeam "Gladbeck SG"]
[BlackTeam "Holsterhausen"]
[WhiteTeamCountry "GER"]
[BlackTeamCountry "GER"]

1. e4 c5 2. Nf3 b6 3. d4 cxd4 4. Nxd4 Bb7 5. Nc3 e6 6. Bf4 a6 7. a3 d6 8. Bg3 Nf6 9. Qd3 Nbd7 10. Nb3 Ne5 11. Qd4 Qc7 12. Be2 Be7 13. f4 Ned7 14. Bf3 0-0 15. 0-0 Rfd8 16. Kh1 Rac8 17. Rad1 Qb8 18. Qe3 Qa8 19. Bh4 Ng4 20. Bxg4 Bxh4 21. Rxd6 Be7 22. Rd2 Nc5 23. Bf3 Nxb3 24. Rxd8+ Rxd8 25. cxb3 Bc5 26. Qe2 Rd4 27. b4 Be7 28. Qe3 Rd6 29. e5 Bxf3 30. Rxf3 Rc6 31. Rf1 h6 32. Rd1 g5 33. Qg3 Kh7 34. Qd3+ Kg7 35. Qd7 Kf8 36. f5 exf5 37. Qxf5 Kg8 38. Qd7 Bf8 39. Rf1 f6 40. exf6 Rd6 41. Qf5 Rd2 42. Rf2 Rxf2 43. Qxf2 Qc6 44. Qd4 Kf7 45. Qd5+ Qe6 46. Qxe6+ Kxe6 47. Kg1 Kxf6 48. Kf2 Bd6 49. Ne4+ Ke5 50. Nxd6 Kxd6 51. Ke3 Ke5 52. Kd3 Kd5 53. b3 Ke5 54. Kc4 Ke4 55. b5 a5 56. a4 Ke5 57. b4 axb4 58. Kxb4 1-0

[Event "Ruhrgebiet Regionalliga 0405"]
[Site "Ruhrgebiet"]
[Date "2005.02.27"]
[Round "7.6"]
[White "Grofig, Patrick"]
[Black "Kruse, Peter"]
[Result "1/2-1/2"]
[WhiteElo "1917"]
[BlackElo "2040"]
[PlyCount "172"]
[EventDate "2004.09.19"]
[EventType "team"]
[EventRounds "9"]
[EventCountry "GER"]
[SourceTitle "EXT 2006"]
[Source "ChessBase"]
[SourceDate "2005.11.24"]
[SourceVersion "1"]
[SourceVersionDate "2005.11.24"]
[SourceQuality "1"]
[WhiteTeam "Berghofen Wambel"]
[BlackTeam "Gladbeck SG"]
[WhiteTeamCountry "GER"]
[BlackTeamCountry "GER"]

1. d4 Nf6 2. Nf3 b6 3. c4 e6 4. a3 Ba6 5. Qc2 c5 6. d5 exd5 7. cxd5 Be7 8. Nc3 0-0 9. Bf4 d6 10. h3 Re8 11. e4 Bxf1 12. Kxf1 Nbd7 13. g4 Nf8 14. Kg2 Ng6 15. Bg3 a6 16. Rhe1 Nd7 17. Ng1 b5 18. f4 Bh4 19. Nf3 Bxg3 20. Kxg3 f6 21. h4 Qe7 22. Re2 Nb6 23. Rae1 Nf8 24. g5 Nfd7 25. Rh2 Rf8 26. Rhe2 Rae8 27. Rh2 Qf7 28. Qc1 Qh5 29. f5 Ne5 30. Nxe5 Rxe5 31. Qf4 Rfe8 32. Rhe2 b4 33. axb4 cxb4 34. Nd1 Nxd5 35. Qf3 Qxf3+ 36. Kxf3 Nb6 37. gxf6 gxf6 38. Nf2 Kf7 39. Nd3 Rb5 40. Rc1 a5 41. Rg2 Re7 42. Rc6 d5 43. e5 fxe5 44. f6 Re6 45. Rc7+ Kxf6 46. Rgg7 Kf5 47. Nc5 e4+ 48. Ke3 d4+ 49. Kxd4 Rd6+ 50. Ke3 Nd5+ 51. Ke2 Nxc7 52. Rxc7 Rh6 53. Nb3 Rd5 54. Rf7+ Ke5 55. Re7+ Kf4 56. Nd2 Re5 57. Rf7+ Kg4 58. Rg7+ Kxh4 59. Rg1 Re7 60. Nc4 e3 61. Nxa5 Rf6 62. Nc4 b3 63. Rh1+ Kg5 64. Rg1+ Kh6 65. Rg3 Rf2+ 66. Ke1 Rc2 67. Nxe3 Rxb2 68. Kd1 Rf7 69. Kc1 Rc2+ 70. Kb1 Re2 71. Kc1 Kh5 72. Kd1 Ra2 73. Kc1 Kh4 74. Rg4+ Kh3 75. Rb4 Rf3 76. Nd1 Rc2+ 77. Kb1 Rd3 78. Nb2 Rf3 79. Nd1 h5 80. Rb7 h4 81. Rb6 Kh2 82. Rb4 Rf1 83. Rxh4+ Kg3 84. Rd4 Re2 85. Rd3+ Kh2 86. Rd7 Ree1 1/2-1/2

[Event "Ruhrgebiet Regionalliga 0405"]
[Site "Ruhrgebiet"]
[Date "2004.11.14"]
[Round "3.6"]
[White "Strozewski, Frank"]
[Black "Kruse, Peter"]
[Result "1-0"]
[WhiteElo "2025"]
[BlackElo "2040"]
[PlyCount "101"]
[EventDate "2004.09.19"]
[EventType "team"]
[EventRounds "9"]
[EventCountry "GER"]
[SourceTitle "EXT 2006"]
[Source "ChessBase"]
[SourceDate "2005.11.24"]
[SourceVersion "1"]
[SourceVersionDate "2005.11.24"]
[SourceQuality "1"]
[WhiteTeam "Erkenschwick"]
[BlackTeam "Gladbeck SG"]
[WhiteTeamCountry "GER"]
[BlackTeamCountry "GER"]

1. c4 Nf6 2. Nc3 e6 3. d4 Bb4 4. Bf4 0-0 5. e3 b6 6. Bd3 Bb7 7. Nf3 d6 8. 0-0 Bxc3 9. bxc3 Re8 10. h3 Nbd7 11. Nd2 e5 12. Bh2 Re7 13. Rb1 Qe8 14. Nb3 Be4 15. Qc2 Bxd3 16. Qxd3 c5 17. d5 Nf8 18. Rb2 Qd7 19. Nd2 Ng6 20. Qc2 Ree8 21. a4 Ne7 22. a5 Nc8 23. Ra1 Rb8 24. axb6 Nxb6 25. Rba2 Rb7 26. Ra6 Reb8 27. f4 exf4 28. Bxf4 h6 29. R1a2 Nc8 30. Rc6 Rb6 31. Rxb6 Rxb6 32. Nb3 Qe8 33. Na5 Qe4 34. Qe2 Qb1+ 35. Kh2 Ne4 36. Rc2 Qa1 37. Qg4 Ne7 38. Bxh6 Ng6 39. Qxe4 Rb1 40. Rf2 Rh1+ 41. Kg3 Qxa5 42. Qe8+ Kh7 43. Bg5 Qxc3 44. Qxf7 Qe5+ 45. Bf4 Qh5 46. Bxd6 Qh4+ 47. Kf3 Qxc4 48. Qf5 Rd1 49. e4 Rd4 50. Qh5+ Kg8 51. Qxg6 1-0

[Event "Ruhrgebiet Regionalliga 0405"]
[Site "Ruhrgebiet"]
[Date "2004.10.17"]
[Round "2.7"]
[White "Traunecker, Thomas"]
[Black "Kruse, Peter"]
[Result "1/2-1/2"]
[WhiteElo "1958"]
[BlackElo "2040"]
[PlyCount "75"]
[EventDate "2004.09.19"]
[EventType "team"]
[EventRounds "9"]
[EventCountry "GER"]
[SourceTitle "EXT 2006"]
[Source "ChessBase"]
[SourceDate "2005.11.24"]
[SourceVersion "1"]
[SourceVersionDate "2005.11.24"]
[SourceQuality "1"]
[WhiteTeam "Kamen"]
[BlackTeam "Gladbeck SG"]
[WhiteTeamCountry "GER"]
[BlackTeamCountry "GER"]

1. c4 Nf6 2. d4 e6 3. g3 Bb4+ 4. Bd2 Qe7 5. Bg2 0-0 6. Nf3 Nc6 7. 0-0 Bxd2 8. Qxd2 Ne4 9. Qc2 d5 10. Nc3 Nf6 11. cxd5 exd5 12. Qb3 Rd8 13. e3 Rb8 14. Nd2 Be6 15. Rac1 Qd7 16. Na4 Bh3 17. Nc5 Qc8 18. Qc3 Bxg2 19. Kxg2 Ne7 20. Nd3 c6 21. Ne5 Qe6 22. Qd3 Nd7 23. Nxd7 Rxd7 24. Rc3 Re8 25. Rfc1 Nf5 26. Nf3 f6 27. b4 a6 28. a4 Nd6 29. Nd2 g5 30. h3 Rg7 31. Rh1 f5 32. Rcc1 Rf8 33. Nf3 Nc4 34. Nd2 Nd6 35. Rce1 Qe7 36. Qb3 Kh8 37. Nf3 Qf6 38. h4 1/2-1/2

[Event "Ruhrgebiet VL2 0304"]
[Site "Ruhrgebiet"]
[Date "2003.10.12"]
[Round "2.7"]
[White "Schefczik, Rainer"]
[Black "Kruse, Peter"]
[Result "0-1"]
[WhiteElo "1936"]
[BlackElo "2063"]
[PlyCount "96"]
[EventDate "2003.09.28"]
[EventType "team"]
[EventRounds "9"]
[EventCountry "GER"]
[SourceTitle "EXT 2007"]
[Source "ChessBase"]
[SourceDate "2006.11.23"]
[SourceVersion "1"]
[SourceVersionDate "2006.11.23"]
[SourceQuality "1"]
[WhiteTeam "Bottrop"]
[BlackTeam "Gladbeck SG"]
[WhiteTeamCountry "GER"]
[BlackTeamCountry "GER"]

1. e4 d5 2. exd5 Qxd5 3. Qf3 Qa5 4. Qc3 Qb6 5. Nf3 Bf5 6. Be2 Nf6 7. d3 Nd5 8. Qb3 c6 9. Qxb6 axb6 10. Bd2 Na6 11. Nd4 Bg6 12. Nc3 Nxc3 13. Bxc3 e5 14. Nf3 f6 15. 0-0 Nb4 16. Bxb4 Bxb4 17. a3 Bc5 18. Rfd1 0-0 19. Rac1 Rfd8 20. c3 Bh5 21. h3 b5 22. g4 Bf7 23. Nh4 Rd7 24. Nf5 Rad8 25. Ng3 Kf8 26. Kf1 g6 27. Ne4 Be7 28. Ng3 Be6 29. Ke1 Bb3 30. Rd2 Kf7 31. Bd1 Bc4 32. Bc2 Bf8 33. Rcd1 Bh6 34. Re2 Bxd3 35. Rxd3 Rxd3 36. Bxd3 Rxd3 37. Rc2 Ke6 38. Ke2 Rd5 39. Nf1 Bf4 40. Ne3 Bxe3 41. fxe3 e4 42. Rc1 f5 43. g5 Ke5 44. Rf1 Rd3 45. Rf4 Ke6 46. Rh4 Rd7 47. b3 h5 48. gxh6 Rh7 0-1

[Event "Ruhrgebiet VL2 0001"]
[Site "Ruhrgebiet"]
[Date "2001.02.18"]
[Round "6"]
[White "Kruse, Peter"]
[Black "Spiess, Timo"]
[Result "1-0"]
[WhiteElo "2025"]
[BlackElo "2042"]
[PlyCount "73"]
[EventDate "2000.09.17"]
[EventType "team-tourn"]
[EventRounds "9"]
[EventCountry "GER"]
[SourceTitle "EXT 2023"]
[Source "ChessBase"]
[SourceDate "2022.10.05"]
[SourceVersion "1"]
[SourceVersionDate "2022.10.05"]
[SourceQuality "1"]
[WhiteTeam "Gladbeck SG"]
[BlackTeam "Bochum SV"]
[WhiteTeamCountry "GER"]
[BlackTeamCountry "GER"]

1. d4 c6 2. e4 d5 3. Nd2 dxe4 4. Nxe4 Nd7 5. Nf3 Ngf6 6. Nxf6+ Nxf6 7. Ne5 Nd7 8. Bf4 Nxe5 9. Bxe5 Bf5 10. Bd3 Bxd3 11. Qxd3 Qd7 12. 0-0 f6 13. Bg3 0-0-0 14. Rad1 h5 15. h3 h4 16. Bh2 e6 17. Rfe1 Bd6 18. Bxd6 Qxd6 19. Qe2 Rde8 20. Rd3 Re7 21. c3 Kc7 22. Re3 Rhe8 23. a4 Kd8 24. Qh5 g5 25. Qg6 e5 26. Rd3 exd4 27. Rxe7 Rxe7 28. g3 c5 29. cxd4 cxd4 30. Qg8+ Re8 31. Qc4 Re4 32. Qg8+ Kd7 33. Qh7+ Qe7 34. Qf5+ Qe6 35. Qb5+ Qc6 36. Qb4 Qd5 37. f3 1-0

[Event "Ruhrgebiet VL2 0001"]
[Site "Ruhrgebiet"]
[Date "2000.11.19"]
[Round "3"]
[White "Klatt, Heiner"]
[Black "Kruse, Peter"]
[Result "0-1"]
[WhiteElo "1931"]
[BlackElo "2025"]
[PlyCount "88"]
[EventDate "2000.09.17"]
[EventType "team-tourn"]
[EventRounds "9"]
[EventCountry "GER"]
[SourceTitle "EXT 2023"]
[Source "ChessBase"]
[SourceDate "2022.10.05"]
[SourceVersion "1"]
[SourceVersionDate "2022.10.05"]
[SourceQuality "1"]
[WhiteTeam "Berghofen Wambel"]
[BlackTeam "Gladbeck SG"]
[WhiteTeamCountry "GER"]
[BlackTeamCountry "GER"]

1. e4 e6 2. d4 d5 3. Nc3 Nf6 4. Bg5 dxe4 5. Nxe4 Be7 6. Nxf6+ Bxf6 7. Bxf6 Qxf6 8. Bd3 Bd7 9. Nf3 Bc6 10. Ne5 0-0 11. Qh5 g6 12. Qe2 Rd8 13. c3 Bd5 14. f4 b6 15. Ng4 Qg7 16. h4 h5 17. Ne3 Nd7 18. 0-0 Bb7 19. f5 Nf6 20. fxg6 fxg6 21. Ng4 Nxg4 22. Qxe6+ Kh8 23. Rf7 Bd5 24. Rxg7 Bxe6 25. Rxg6 Bf7 26. Rc6 Rd7 27. Re1 Re8 28. Rxe8+ Bxe8 29. Bf5 Re7 30. Re6 Rxe6 31. Bxe6 Kg7 32. Bxg4 hxg4 33. Kf2 Kf6 34. Ke3 Kf5 35. a3 Bf7 36. b4 Bd5 37. g3 Bf7 38. Kd3 b5 39. Ke3 Bc4 40. Kf2 Ke4 41. h5 Bf7 42. h6 Bg6 43. Ke2 c6 44. Ke1 Kf3 0-1